000 01278cam a22003617a 4500
003 CHAP
005 20220329142322.0
008 000621d1999 mx a r 00110 spa d
010 _a81642
011 _a82614
035 _a93113
040 _cCHAP
090 _aTesis
100 0 0 _aSantacruz García, Noe.
_9102262
245 1 0 _aDiagnóstico de la calidad del arbolado urbano del Centro Histótico de la Ciudad de Tlaxcala, Tlax.
_c/por Noé Santacruz García
260 _aChapingo, Méx. :
_bEl autor,
_c1999.
300 _a106 h. :
_bilus. ; gráfs. ; tablas
502 _aTesis (M.C. Forestales) -- UACH. División de Ciencias Forestales
590 _aALEPH
_b10
_c20130110
_lUCH01
_h1436
590 _aBATCH-UPD
_b10
_c20130110
_lUCH01
_h0756
590 _aBATCH-UPD
_b10
_c20130410
_lUCH01
_h0435
590 _aBATCH-UPD
_b10
_c20130914
_lUCH01
_h0721
590 _aCONVERSION
_b10
_c20130109
_lUCH01
_h1345
650 1 4 _aArboricultura.
_96699
650 1 4 _aBosques
_xInventarios
_xTlaxcala.
_914276
650 1 4 _aForestación.
_942339
650 1 4 _aPlantación de árboles.
_988782
901 _aBK
905 _aMayto Villalobos S.
942 _cFOLL
949 _bBC
_cTES
_d33724000783718
_eTS2
_fc.2
_h36539
_i93113
_si
949 _bBC
_cTES
_d931131
_eTS1
_h36538
_i93113
_sb
999 _c81642
_d81642